Polskie miasta powyżej 100 tysięcy mieszkańców - nagła śmierć - Statystyki

Ogólne statystyki
  • Ten quiz został rozwiązany 403 razy
  • Średni wynik to 11 z 14
Answers on the Grid
Answers color-coded by a green-red scale on the quiz's grid according to % correct below.
Warszawa
Kraków
Bełchatów
Poznań
Piła
Łódź
Gdańsk
Konin
Bydgoszcz
Lublin
Gliwice
Zgierz
Olsztyn
Sosnowiec
Suwałki
Kołobrzeg
Jelenia Góra
Lubin
Mielec
Białystok
Stalowa Wola
Szczecin
Nowy Sącz
Toruń
Grudziądz
Inowrocław
Wrocław
Przemyśl
 
Statystyki odpowiedzi
Odpowiedź % Poprawnych
Warszawa
99%
Poznań
97%
Kraków
96%
Gdańsk
95%
Łódź
91%
Lublin
88%
Bydgoszcz
86%
Wrocław
80%
Białystok
74%
Olsztyn
72%
Szczecin
71%
Toruń
69%
Gliwice
66%
Sosnowiec
62%
Nie znaleziono quizów pasujących do podanych kryteriów
Rozkład punktacji
Procent ludzi z każdym wynikiem
Percentyl według liczby udzielonych odpowiedzi
Twoja historia wyników
Nie rozwiązałeś tego quizu